Cuentos de piratas, corsarios y bandidos (Registro nro. 12372)
[ vista simple ]
| 000 -CABECERA | |
|---|---|
| Longitud fija campo de control | 00428nam a2200169 a 4500 |
| 003 - • IDENTIFICADOR DELl NÚMERO DE CONTROL | |
| Identificador del número de control | CO-ViMGA |
| 008 - • CÓDIGOS DE INFORMACIÓN DE LONGITUD FIJA | |
| Códigos de información de longitud fija | 141112s2004 ck r 000 u spa d |
| 040 ## - FUENTE DE LA CATALOGACIÓN | |
| Centro catalogador de origen | CO-ViMGA |
| Lengua de catalogación | spa |
| Centro transcriptor | CO-ViMGA |
| 082 04 - • NÚMERO DE LA CLASIFICACIÓN DECIMAL DEWEY | |
| Número de clasificación (R) | CUEp |
| 245 10 - • TITULO PROPIAMENTE DICHO | |
| Título | Cuentos de piratas, corsarios y bandidos |
| 300 ## - • DESCRIPCIÓN FÍSICA | |
| Extensión | 104 p : il |
| 590 ## - NOTAS LOCALES | |
| Nota local | Ejemplares : 2 |
| 650 14 - • PUNTO DE ACCESO ADICIONAL DE MATERIA - TÉRMINO DE MATERIA | |
| Término de materia o nombre geográfico como elemento inicial | CUENTOS DE PIRATAS |
| 942 ## - ENTRADA DE ELEMENTOS AGREGADOS (KOHA) | |
| Fuente de clasificaión o esquema | Dewey Decimal Classification |
| Koha [por defecto] tipo de item | LIbro |
| Perdido | Fuente de clasificación o esquema | Estado Físico | No para préstamo | Forma de adquisición | Localización permanente | Localización actual | Localización en estanterías | Fecha adquisición | Fuente de adquisición | Préstamos totales | Signatura completa | Código de barras | Fecha última consulta | Número de copia | Fecha del precio de reemplazo | Tipo de item de Koha |
|---|---|---|---|---|---|---|---|---|---|---|---|---|---|---|---|---|
| Dewey Decimal Classification | Literatura General | Biblioteca Pública Granada - Boca del Monte | Biblioteca Pública Granada - Boca del Monte | Literatura | 05/11/2026 | BIBLIOTECA NACIONAL DE COLOMBIA | C RAV | GRDA08145 | 05/11/2026 | Ej.1 | 05/11/2026 | LIbro |